000 00518nam a2200157 4500
999 _c17118
_d17118
008 220607b ||||| |||| 00| 0 eng d
022 _a0732-8435
082 _aDPer 657.05 C33 Jan - Apr 2011, v. 81 n 1 - 4
100 _aKain, Joseph.
_945487
245 _aCPA's and investment compensation:
_ba better way/
_cJoseph Kain.
260 _aNew York:
_bThe New York State Society of CPA,
_c2011.
300 _aV81 n1, page 13;
_c28 cm.
500 _aThe CPA Journal.
650 _aInvestment.
_945488
942 _2ddc
_cPER